Podpora cestovného ruchu na Slovensku bakalárska práca

Guardado en:
Detalles Bibliográficos
Autor principal: Štec, Martin
Autor Corporativo: Obchodná fakulta EU. Katedra služieb a cestovného ruchu - zrušené
Otros Autores: Valenteová, Katarína
Formato: Libro
Lenguaje:eslovaco
Publicado: Bratislava 2018
Etiquetas: Agregar Etiqueta
Sin Etiquetas, Sea el primero en etiquetar este registro!

MARC

LEADER 00000nbm a2200000 4500
001 0245168
005 20180906133956.6
041 0 |a slo 
044 |a SK 
245 1 0 |a Podpora cestovného ruchu na Slovensku  |b bakalárska práca  |c Martin Štec ; školiteľ: Katarína Valenteová 
264 1 |a Bratislava  |c 2018 
300 |a 54 s. 
100 1 |a Štec, Martin 
700 1 |a Valenteová, Katarína 
710 2 |a Obchodná fakulta EU. Katedra služieb a cestovného ruchu - zrušené